<?xml version="1.0" encoding="UTF-8"?>
<record
    xmlns:xsi="http://www.w3.org/2001/XMLSchema-instance"
    xsi:schemaLocation="http://www.loc.gov/MARC21/slim http://www.loc.gov/standards/marcxml/schema/MARC21slim.xsd"
    xmlns="http://www.loc.gov/MARC21/slim">

  <leader>01049nam a22003257a 4500</leader>
  <controlfield tag="003">CBULib</controlfield>
  <controlfield tag="005">20240913090351.0</controlfield>
  <controlfield tag="008">230503b        |||||||| |||| 00| 0 eng d</controlfield>
  <datafield tag="020" ind1=" " ind2=" ">
    <subfield code="a">9781138022065</subfield>
  </datafield>
  <datafield tag="040" ind1=" " ind2=" ">
    <subfield code="a">CBULib</subfield>
    <subfield code="c">CBULib</subfield>
    <subfield code="b">English</subfield>
    <subfield code="e">rda</subfield>
  </datafield>
  <datafield tag="041" ind1=" " ind2=" ">
    <subfield code="a">eng</subfield>
  </datafield>
  <datafield tag="050" ind1=" " ind2=" ">
    <subfield code="a">G 1046.E27 Lon </subfield>
  </datafield>
  <datafield tag="100" ind1=" " ind2=" ">
    <subfield code="a">Lonesco, Dina</subfield>
    <subfield code="9">268</subfield>
  </datafield>
  <datafield tag="245" ind1=" " ind2=" ">
    <subfield code="a">The atlas of environmental migration</subfield>
    <subfield code="c">/ by Dina Ionesco, Daria Mokhnacheva and Fra&#xE7;ois Gemenne</subfield>
  </datafield>
  <datafield tag="260" ind1=" " ind2=" ">
    <subfield code="a">New York :</subfield>
    <subfield code="b">Routledge,</subfield>
    <subfield code="c">2017</subfield>
  </datafield>
  <datafield tag="300" ind1=" " ind2=" ">
    <subfield code="a">xv, 152 pages : illustrations </subfield>
  </datafield>
  <datafield tag="336" ind1=" " ind2=" ">
    <subfield code="2">rdacontent</subfield>
    <subfield code="a">Text |</subfield>
    <subfield code="b">txt</subfield>
  </datafield>
  <datafield tag="337" ind1=" " ind2=" ">
    <subfield code="2">rdamedia</subfield>
    <subfield code="a">Unmediated |</subfield>
    <subfield code="b">n</subfield>
  </datafield>
  <datafield tag="338" ind1=" " ind2=" ">
    <subfield code="2">rdacarrier</subfield>
    <subfield code="a">Volume</subfield>
    <subfield code="b">nc</subfield>
  </datafield>
  <datafield tag="490" ind1=" " ind2=" ">
    <subfield code="a">Earthscan from Routledge</subfield>
  </datafield>
  <datafield tag="504" ind1=" " ind2=" ">
    <subfield code="a">Includes bibliographic references and index.</subfield>
  </datafield>
  <datafield tag="650" ind1=" " ind2="0">
    <subfield code="a">HUMAN BEINGS--MIGRATIONS </subfield>
    <subfield code="9">269</subfield>
  </datafield>
  <datafield tag="650" ind1=" " ind2="0">
    <subfield code="a">CLIMATE CHANGE</subfield>
    <subfield code="9">270</subfield>
  </datafield>
  <datafield tag="650" ind1=" " ind2="0">
    <subfield code="a">ATLASES</subfield>
    <subfield code="9">271</subfield>
  </datafield>
  <datafield tag="650" ind1=" " ind2="0">
    <subfield code="a">MIGRATION</subfield>
    <subfield code="9">272</subfield>
  </datafield>
  <datafield tag="650" ind1=" " ind2="0">
    <subfield code="a">EMIGRATION AND IMMIGRATION</subfield>
    <subfield code="9">273</subfield>
  </datafield>
  <datafield tag="700" ind1="1" ind2=" ">
    <subfield code="a">Mokhnacheva, Daria</subfield>
    <subfield code="9">274</subfield>
  </datafield>
  <datafield tag="700" ind1="1" ind2=" ">
    <subfield code="a">Gemenne, Fran&#xE7;ois,</subfield>
    <subfield code="9">275</subfield>
    <subfield code="d">1980-</subfield>
  </datafield>
  <datafield tag="942" ind1=" " ind2=" ">
    <subfield code="c">002</subfield>
    <subfield code="2">lcc</subfield>
  </datafield>
  <datafield tag="999" ind1=" " ind2=" ">
    <subfield code="c">77735</subfield>
    <subfield code="d">77735</subfield>
  </datafield>
  <datafield tag="952" ind1=" " ind2=" ">
    <subfield code="0">0</subfield>
    <subfield code="1">0</subfield>
    <subfield code="2">lcc</subfield>
    <subfield code="4">0</subfield>
    <subfield code="7">0</subfield>
    <subfield code="8">MC</subfield>
    <subfield code="a">001</subfield>
    <subfield code="b">001</subfield>
    <subfield code="c">GEN</subfield>
    <subfield code="d">2023-05-03</subfield>
    <subfield code="e">DON-BOOKAID</subfield>
    <subfield code="g">63.54</subfield>
    <subfield code="l">0</subfield>
    <subfield code="o">G 1046.E27 Lon</subfield>
    <subfield code="p">752040</subfield>
    <subfield code="r">2023-05-03</subfield>
    <subfield code="t">1</subfield>
    <subfield code="v">76.25</subfield>
    <subfield code="w">2023-05-03</subfield>
    <subfield code="y">002</subfield>
  </datafield>
  <datafield tag="952" ind1=" " ind2=" ">
    <subfield code="0">0</subfield>
    <subfield code="1">0</subfield>
    <subfield code="2">lcc</subfield>
    <subfield code="4">0</subfield>
    <subfield code="7">0</subfield>
    <subfield code="8">MK</subfield>
    <subfield code="a">003</subfield>
    <subfield code="b">001</subfield>
    <subfield code="c">GEN</subfield>
    <subfield code="d">2023-05-29</subfield>
    <subfield code="e">DON-BOOKAID</subfield>
    <subfield code="o">G 1046.E27 Lon</subfield>
    <subfield code="p">752039</subfield>
    <subfield code="r">2023-05-29</subfield>
    <subfield code="t">1</subfield>
    <subfield code="w">2023-05-29</subfield>
    <subfield code="y">002</subfield>
  </datafield>
  <datafield tag="952" ind1=" " ind2=" ">
    <subfield code="0">0</subfield>
    <subfield code="1">0</subfield>
    <subfield code="2">lcc</subfield>
    <subfield code="4">0</subfield>
    <subfield code="7">0</subfield>
    <subfield code="8">LSK</subfield>
    <subfield code="a">010</subfield>
    <subfield code="b">001</subfield>
    <subfield code="c">GEN</subfield>
    <subfield code="d">2024-09-13</subfield>
    <subfield code="e">DON-BOOKAID</subfield>
    <subfield code="g">63.54</subfield>
    <subfield code="l">0</subfield>
    <subfield code="o">G 1046.  E27 Lon</subfield>
    <subfield code="p">752679</subfield>
    <subfield code="r">2024-09-13</subfield>
    <subfield code="t">3</subfield>
    <subfield code="w">2024-09-13</subfield>
    <subfield code="y">002</subfield>
  </datafield>
  <datafield tag="952" ind1=" " ind2=" ">
    <subfield code="0">0</subfield>
    <subfield code="1">0</subfield>
    <subfield code="2">lcc</subfield>
    <subfield code="4">0</subfield>
    <subfield code="7">0</subfield>
    <subfield code="8">LSK</subfield>
    <subfield code="a">010</subfield>
    <subfield code="b">001</subfield>
    <subfield code="c">GEN</subfield>
    <subfield code="d">2024-09-13</subfield>
    <subfield code="e">DON-BOOKAID</subfield>
    <subfield code="g">63.54</subfield>
    <subfield code="l">0</subfield>
    <subfield code="o">G 1046.  E27 Lon</subfield>
    <subfield code="p">752678</subfield>
    <subfield code="r">2024-09-13</subfield>
    <subfield code="t">4</subfield>
    <subfield code="w">2024-09-13</subfield>
    <subfield code="y">002</subfield>
  </datafield>
</record>
